|
|
|
|
| LEADER |
02201njm a2200445 a 4500 |
| 001 |
000598692 |
| 003 |
CZ BrMZK |
| 005 |
20201126083635.0 |
| 007 |
sd fsngnnmmned |
| 008 |
020506s2001 xr pp f d cze d |
| 028 |
0 |
1 |
|a 0159 714-2
|b B&M Music
|
| 040 |
|
|
|a BOA001
|b cze
|
| 047 |
|
|
|a pp
|
| 048 |
|
|
|a od
|b vu
|
| 080 |
|
|
|a (086.7)
|2 MRF
|
| 080 |
|
|
|a 785.16
|2 MRF
|
| 100 |
1 |
|
|a Hapka, Petr,
|d 1944-2014
|7 jn19981001418
|4 cmp
|4 cnd
|4 arr
|4 prf
|4 pro
|
| 245 |
1 |
0 |
|a Mohlo by tu být i líp
|h [zvukový záznam] /
|c [hudba Petr Hapka ; slova Michal Horáček]
|
| 260 |
|
|
|a Praha :
|b B&M Music,
|c p2001
|
| 300 |
|
|
|a 1 zvuková deska (45:44) :
|b digital ;
|c 12 cm +
|e 1 brožura [16 s.]
|
| 306 |
|
|
|a 004113
|
| 500 |
|
|
|a Kompaktní deska
|
| 500 |
|
|
|a Texty písní v brožuře
|
| 500 |
|
|
|a Nahráno v září 1997 až březnu 2001 v pražských studiích
|
| 500 |
|
|
|a Vydáno také na kazetě s objednacím číslem 0159 714-4
|
| 505 |
0 |
0 |
|t Parník se potápí, kapela hraje --
|t Kocour se schoulil na tvůj klín --
|t Unesený --
|t Jen ty's nic neslyšela --
|t Bude mi lehká zem --
|t S poduškou Řípu pod hlavou --
|t Se třemi slepci v bufetu --
|t Píšu vám, pane, v rozpacích --
|t Z fotky mé mámy kape krev --
|t Okna dokořán --
|t Mohlo by tu být i líp
|
| 511 |
0 |
|
|a Doprovázejí různí instrumentalisté, Filharmonici města Prahy, Mário Klemens, dirigent
|
| 511 |
0 |
|
|a Zpívají: Jarda Traband Svoboda, Petr Hapka, Lucie Bílá, Jan Spálený, Magdalena Kožená a další; pěvecký sbor Bábiny di Praga
|
| 650 |
0 |
7 |
|a populární písně
|7 ph124354
|y 1991-2000
|2 czenas
|
| 655 |
|
4 |
|a populární hudba
|
| 700 |
1 |
|
|a Svoboda, Jaroslav,
|d 1966-
|7 js20030901002
|4 prf
|
| 700 |
1 |
|
|a Bílá, Lucie,
|d 1966-
|7 jn19990209056
|4 prf
|
| 700 |
1 |
|
|a Spálený, Jan,
|d 1942-
|7 jn20000710581
|4 prf
|
| 700 |
1 |
|
|a Klemens, Mario,
|d 1936-2025
|7 jn99240000447
|4 cnd
|
| 700 |
1 |
|
|a Horáček, Michal,
|d 1952-
|7 jn20000401037
|4 lyr
|4 pro
|
| 710 |
2 |
|
|a Bábiny di Praga (pěvecký sbor)
|7 mzk2008466659
|4 prf
|
| 710 |
2 |
|
|a Filharmonici města Prahy
|7 ko2004226064
|
| 910 |
|
|
|a BOA001
|b CD-0010.396
|
| 990 |
|
|
|a AV
|
| 996 |
6 |
|
|b 261H011302
|c CD-0010.396
|l MZK
|r Sklad / do 24 hodin
|n 3
|w 000598692
|u 000010
|a 1
|e BOA001
|j MZK50
|s P
|